000 00615 a2200217 4500
001 30126
005 20260407155612.0
008 260407a1994 arg spa d
003 AR-UNSa-BCEJYS
040 _aAR-UNSa-BCEJYS
_bspa
_cAR-UNSa-BCEJYS
080 _a657(083)
_xResoluciones Técnicas Contables. Informes
245 1 0 _aResoluciones técnicas 6
020 _a950-866-005-8
264 1 _aBuenos Aires :
_bReisa
_c1994
300 _a50 p.
_c28 cm.
041 _aspa
942 _cBK
590 _aniveau_biblio:m niveau_hierar:0
100 1 _aSenderovich, Pablo David
700 1 _aSenderovich, Isaac Aizik
999 _c2025
_d2025